İSMAİL GASPIRALI VE RUSYA TÜRKLERİNDE MİLLİ UYANIŞ (Record no. 1094346)

MARC details
000 -LEADER
sabit uzunluktaki kontrol alanı 00279nam a2200097Ia 4500
001 - KONTROL NUMARASI
kontrol alanı 1094346
005 - EN SON İŞLEMİN TARİH VE ZAMANI
kontrol alanı 20250827002954.0
008 - SABİT-UZUNLUKTA VERİ ÖĞELERİ--GENEL BİLGİ
sabit uzunluktaki kontrol alanı 250824s9999 xx 000 0 und d
245 #0 - ESER / YAZAR
ESER ADI İSMAİL GASPIRALI VE RUSYA TÜRKLERİNDE MİLLİ UYANIŞ
Yazar Adı SELÇUK TÜRKYILMAZ
260 ## - YAYIN, DAĞITIM, VB.
YAYIN EVİ KETEBE
Holdings
Düşüm durumu Kayıp durumu Hasar Durumu Ödünç verilmez Ana kütüphane Geçerli Kütüphane Edinilen tarih Toplam ödünç verme sayısı Barkod Son görüntüleme tarihi Fiyatın geçerli olmaya başladığı tarih Koha materyal türü
        OSMAN NURİ HEKİMOĞLU ANADOLU LİSESİ OSMAN NURİ HEKİMOĞLU ANADOLU LİSESİ 24.08.2025   10335315 27.08.2025 27.08.2025 Books